|
|
|
|
| LEADER |
02641nam a2200445 a 4500 |
| 001 |
EBC335790 |
| 003 |
MiAaPQ |
| 005 |
20200520144314.0 |
| 006 |
m o d | |
| 007 |
cr cn||||||||| |
| 008 |
071101s2008 njua sb 001 0 eng |
| 010 |
|
|
|z 2007044840
|
| 015 |
|
|
|a GBA825047
|2 bnb
|
| 016 |
7 |
|
|z 014536874
|2 Uk
|
| 020 |
|
|
|z 9780470223123 (cloth)
|
| 020 |
|
|
|z 047022312X (cloth)
|
| 035 |
|
|
|a (MiAaPQ)EBC335790
|
| 035 |
|
|
|a (Au-PeEL)EBL335790
|
| 035 |
|
|
|a (CaPaEBR)ebr10307619
|
| 035 |
|
|
|a (CaONFJC)MIL128525
|
| 035 |
|
|
|a (OCoLC)228508754
|
| 040 |
|
|
|a MiAaPQ
|c MiAaPQ
|d MiAaPQ
|
| 043 |
|
|
|a a-cc---
|
| 050 |
|
4 |
|a HG5782
|b .T725 2008
|
| 082 |
0 |
4 |
|a 332.63/220951
|2 22
|
| 100 |
1 |
|
|a Trippon, James.
|
| 245 |
1 |
0 |
|a Becoming your own China stock guru
|h [electronic resource] :
|b the ultimate investor's guide to profiting from China's economic boom /
|c James Trippon.
|
| 260 |
|
|
|a Hoboken, N.J. :
|b John Wiley & Sons,
|c c2008.
|
| 300 |
|
|
|a xvii, 203 p. :
|b ill.
|
| 504 |
|
|
|a Includes bibliographical references (p. 189-196) and index.
|
| 505 |
0 |
|
|a Trends--why the future belongs to China -- Sunrise in the east: China becomes the new world superpower -- Sunset in the west: the end of U.S. economic supremacy -- Breaking the chains of the bicycle kingdom: China's dreams come true -- The coming financial flood -- Becoming a guru -- China's economic landscape -- China's booming base: manufacturing -- China's auto industry: in full gear -- China's energy industry: red hot -- China's bonanza: banking and finance -- China's communications revolution: almost free speech -- Understanding China's financial centers -- Beijing: the epicenter of a capitalist revolution -- Shenzhen: China's test city -- Shanghai: China's own Manhattan -- Taiwan: the breakaway prodigy -- Hong Kong: China's modern frontier -- Building a China stock guru portfolio -- Buying China without leaving home -- Understanding the safest way to invest in Chinese stocks -- Identifying opportunities in Chinese stocks -- Assembling your portfolio and managing risk -- Conclusion: a peek at your guru future.
|
| 533 |
|
|
|a Electronic reproduction. Ann Arbor, MI : ProQuest, 2015. Available via World Wide Web. Access may be limited to ProQuest affiliated libraries.
|
| 650 |
|
0 |
|a Investments
|z China.
|
| 650 |
|
0 |
|a Stocks
|z China.
|
| 650 |
|
0 |
|a Investments, Foreign
|z China.
|
| 651 |
|
0 |
|a China
|x Economic conditions
|y 1976-2000.
|
| 651 |
|
0 |
|a China
|x Economic conditions
|y 2000-
|
| 655 |
|
4 |
|a Electronic books.
|
| 710 |
2 |
|
|a ProQuest (Firm)
|
| 856 |
4 |
0 |
|u https://ebookcentral.proquest.com/lib/matrademy/detail.action?docID=335790
|z Click to View
|